Australia A-Z - Statistics

General Stats
  • This quiz has been taken 20 times
  • The average score is 29 of 50
Answer Stats
Question Answer % Correct
C) Australias capital Canberra
100%
V) Melbourne is its largest city Victoria
100%
A) This major city lies on the river Torrens Adelaide
95%
B) Australias 3rd largest city Brisbane
95%
E) Prisoners from this country were sent to a penal colonyin Australia England
95%
M) 2nd largest city in Australia Melbourne
95%
P) Capital of Western Australia and often called themost isolated city in the world Perth
95%
R) Massive coral system, the Great Barrier ____ Reef
95%
S) Largest and most populous city Sydney
95%
T) Australias' island state Tasmania
95%
K) National animal of Australia Kangaroo
89%
K) Popular tree marsupial native to Australia Koala
89%
Q) Large state in northeast Australia Queensland
89%
U) Australia is known as the Land Down..... Under
89%
Z) Type of finch common in Australia, named for thepopular striped mammal Zebra
89%
O) Vast, remote area of central Australia withmostly desert and shrubland Outback
84%
D) Northern city on the Timor Sea namedfor a famous explorer Darwin
79%
H) Capital of Tasmania Hobart
79%
W) Vast remote state, Perth is its capital Western Australia
79%
I) Small town and waterway in Victoria, namedfor a type of reptile Iguana
74%
N) Most populous Australian province, establishedas a British penal colony New South Wales
74%
P) Melbourne city is Australias largest this, for shipping Port
74%
S) Adelaide is its capital South Australia
74%
U) Indigenous name for a massive rock monolithin the Australian desert Uluru
74%
V) Popular spread made from brewers yeast and malt extract Vegemite
74%
N) Vast remote territory, Darwin is its capital Northern Territory
68%
D) Popular wind instrument native to the Aboriginal people Didgeridoo
63%
M) Longest river in the country Murray
63%
W) Medium sized marsupial that resembles a smallerkangaroo Wallaby
63%
A) Desert city closest to Ayers rock in central Australia Alice Springs
58%
C) Far northern Queensland city, the gateway to theGreat Barrier Reef Cairns
58%
G) Australias highest tower is located in thiscoastal Queensland city Gold Coast
53%
J) Type of hare introduced to Australia in 1788 Jackrabbit
47%
J) Type of Australian ant species known for their leap Jumping
47%
O) Large, fish hunting bird species found on Australias coast Osprey
32%
T) Northeast Queensland city close to the Great Barrier Reef Townsville
32%
H) Large spider species found throughout Australia Huntsman
26%
Q) Highest tower in the country Q1
26%
B) Small omnivorous marsupial native to Australia and New Guinea Bandicoot
21%
G) Large open bay to the south of Western and SouthAustralia Great Australian Bight
21%
I) Considered one of the most dangerous jellyfish speciesfound off Australia Irukandji
16%
L) Inner Tasmania city close to Cataract Gorge Launceston
16%
R) Central Queensland town known for its beef production Rockhampton
16%
Y) Species of freshwater crayfish native to Australia Yabby
16%
L) Small island off of NSW in the Tasman Sea Lord Howe Island
11%
E) Massive warm current in the Coral Seapopularized in Finding Nemo East Australian Current
5%
F) Small glider marsupial native to eastern Australia Feathertail
5%
F) Extinct volcano located near Daylesfordin the state of Victoria Franklin
5%
X) Large carpenter bee species native to Australia Xylocopa
5%
Y) Type of Aboriginal didgeridoo made of hollowedeucalyptus trees Yidaki
5%
No matching quizzes found
Score Distribution
Percent of People with Each Score
Percentile by Number Answered
Your Score History
You have not taken this quiz